Przypisz najbardziej utytułowany klub do miasta (edycja Polska) - Statystyki

Ogólne statystyki
  • Ten quiz został rozwiązany 50 razy
  • Średni wynik to 13 z 15
Statystyki odpowiedzi
Hint Odpowiedź % Poprawnych
Warszawa Legia Warszawa
100%
Kraków Wisła Kraków
94%
Gdynia Arka Gdynia
92%
Gdańsk Lechia Gdańsk
92%
Poznań Lech Poznań
92%
Częstochowa Raków Częstochowa
90%
Wrocław Śląsk Wrocław
90%
Zabrze Górnik Zabrze
88%
Łódź Widzew Łódź
88%
Białystok Jagiellonia Białystok
83%
Gliwice Piast Gliwice
83%
Sosnowiec Zagłębie Sosnowiec
83%
Katowice GKS Katowice
81%
Rzeszów Stal Rzeszów
75%
Bydgoszcz Zawisza Bydgoszcz
71%
Nie znaleziono quizów pasujących do podanych kryteriów
Rozkład punktacji
Procent ludzi z każdym wynikiem
Percentyl według liczby udzielonych odpowiedzi
Twoja historia wyników
Nie rozwiązałeś tego quizu